| 000 | 01887nam0a2200385 4500 | ||
|---|---|---|---|
| 001 | RU\NLR\bibl\575100 | ||
| 005 | 20260426062955.0 | ||
| 010 |
_a5-93810-062-3 _9150 |
||
| 021 |
_aRU _b2004-60305 _92967 |
||
| 035 | _a(NLR Aleph) 000567146 | ||
| 090 |
_a1569313 _c1569313 |
||
| 100 | _a20041117d2004 |||y0rusy50 ca | ||
| 101 | 0 | _arus | |
| 102 | _aRU | ||
| 105 | _ay ||||||||| | ||
| 200 | 1 |
_aРусское слово в русском мире _e[Сб. ст.] _fМоск. гос. лингвист. ун-т, Науч. шк. "Яз. личность" _gОтв. ред.: чл.-кор. РАН Ю.Н. Караулов, к. филол. н. О.В. Евтушенко |
|
| 210 |
_aМ. _cМГЛУ _aКалуга _cЭйдос _d2004 |
||
| 215 |
_a299 с. _cил. _d20 |
||
| 300 | _aНа с. 297 ред.: Караулов Ю.Н. - д. филол. н., чл.-кор. РАН, проф. | ||
| 320 | _aБиблиогр. в конце ст. | ||
| 606 | 0 |
_aКогнитивная лингвистика _jСборники _91523672 _3RU\NLR\auth\66662714 |
|
| 606 | 0 |
_aКоммуникативная лингвистика _jСборники _91366505 _3RU\NLR\auth\66572162 |
|
| 606 | 0 |
_aРусский язык _jСборники _91533567 _3RU\NLR\auth\66969347 |
|
| 606 | 0 |
_aЯзык и культура _jСборники _9990965 _3RU\NLR\auth\6656388 |
|
| 686 | _aШ100.4я43 | ||
| 686 | _aШ100.0я43 | ||
| 686 | _aШ141.12я43 | ||
| 686 | _aШ100.33я43 | ||
| 702 | 1 |
_4070 _7ca _8rus _aКараулов _bЮ. Н. _f1935-2016 _gЮрий Николаевич _962881 _3RU\NLR\AUTH\7779953 |
|
| 712 | 0 | 2 |
_4570 _aМосковский государственный лингвистический университет _9397990 _3RU\NLR\AUTH\889951024 |
| 801 | 0 |
_aRU _bNLR _c20041117 _gPSBO |
|
| 801 | 1 |
_aRU _bNLR _c20041117 |
|
| 942 | _cBOOK | ||
| 980 | _aNB | ||